Word Ladder: Emergency Exit Quiz Stats

Quiz Updated Dec 13, 2014

Challenge
Share
Tweet
Embed
Score 0/40 Timer 06:00
5 Plays Today
Hint 4-Letter Word % Correct
OvercookBURN
97.9%
Brought into the worldBORN
97.8%
Hang a left●TURN●
95.7%
Winter forecastSNOW
95.2%
___ and tellSHOW
94.9%
As ____ On TVSEEN
93.7%
Golf propsTEES
93.2%
Age range most associated with angstTEEN
93.1%
With birds, insect metaphor for many sex-ed talksBEES
92.7%
Madonna's ex PennSEAN
91.9%
Be aware ofKNOW
91.2%
A place in senate or parliamentSEAT
90.3%
Volume control doohickey●KNOB●
89.9%
Can be pizza, Easy Bake, or DutchOVEN
89.9%
A very messy personSLOB
89.4%
One who believes others are inherently inferiorSNOB
88%
Ready for business●OPEN●
88%
Second to noneBEST
87.7%
'Frozen' reindeerSVEN
86.8%
Broadway musical, Porgy and ____BESS
86.5%
Hint 4-Letter Word % Correct
What happened before now●THEN●
86.5%
Place these at a Roulette tableBETS
86.3%
GrubCHOW
85.8%
Formless lumpBLOB
84.9%
A type of dog toyCHEW
84.8%
Type of mossPEAT
84%
Animal skinPELT
82.3%
What you might tell a husky to doMUSH
80.3%
WindfallBOON
80.1%
More urgent than should; imperativeMUST
79.7%
What you might say as your glass gets fullWHEN
79.2%
What you might say in reliefWHEW
79%
Dunderhead, nincompoop, half-witBOOB
78.8%
Beethoven is one of these on Schroeder's pianoBUST
77.6%
Frantically, esp. when paired with -mellPELL
76%
Can be of the straw, exit, or opinion varietyPOLL
73.1%
What you might do to luck●PUSH●
72.7%
Fancy, in the UKPOSH
71.5%
Dirty Harry might have a Dead one of thesePOOL
51.4%
Partial alias for Edward BearPOOH
51.1%

Today's Daily Dose

Missing Word
Law Misconceptions

Word Ladder
Easy Math

On This Day
January 20th

You're not logged in!

Compare scores with friends on all Sporcle quizzes.
Sign Up with Email
OR
Log In

You Might Also Like...

Show Comments

Extras

Top Quizzes Today


Score Distribution

Your Account Isn't Verified!

In order to create a playlist on Sporcle, you need to verify the email address you used during registration. Go to your Sporcle Settings to finish the process.